Catálogo público

Mexican bulletin of statistical information (Record no. 97578)

MARC details
000 -CABECERA
campo de control de longitud fija 01479nam a22003617a 4500
003 - IDENTIFICADOR DEL NÚMERO DE CONTROL
campo de control CHAP
005 - FECHA Y HORA DE LA ÚLTIMA TRANSACCIÓN
campo de control 20220329143510.0
008 - DATOS DE LONGITUD FIJA--INFORMACIÓN GENERAL
campo de control de longitud fija 100222s199- mx rs o00010 spa d
010 ## - NÚMERO DE CONTROL DE LA BIBLIOTECA DEL CONGRESO
Número de control de LC 97578
011 ## - ENLACE DEL NUMERO DE CONTROL DE LA BIBLIOTECA DEL CONGRESO [OBSOLETO]
Número de control de LC 98550
022 0# - NÚMERO INTERNACIONAL NORMALIZADO PARA PUBLICACIONES SERIADAS
Número Internacional Normalizado para Publicaciones Seriadas 0188-8706
035 ## - NÚMERO DE CONTROL DEL SISTEMA
Número de control de sistema 109235
040 ## - FUENTE DE LA CATALOGACIÓN
Centro/agencia transcriptor CHAP
082 04 - NÚMERO DE LA CLASIFICACIÓN DECIMAL DEWEY
Número de clasificación 330.97205
Número de documento/Ítem In31
110 2# - ENTRADA PRINCIPAL--NOMBRE DE ENTIDAD CORPORATIVA
Nombre de entidad corporativa o nombre de jurisdicción como elemento de entrada Instituto Nacional de Estadística, Geografía e Informática. México
9 (RLIN) 59304
245 10 - MENCIÓN DE TÍTULO
Título Mexican bulletin of statistical information
Mención de responsabilidad, etc. /por Instituto Nacional de Estadística, Geografía e Informática
260 ## - PUBLICACIÓN, DISTRIBUCIÓN, ETC.
Lugar de publicación, distribución, etc. Aguascalientes, Ags. :
Nombre del editor, distribuidor, etc. INEGI,
Fecha de publicación, distribución, etc. 199-
300 ## - DESCRIPCIÓN FÍSICA
Extensión v. :
Otras características físicas gráfs.
500 ## - NOTA GENERAL
Nota general La biblioteca tiene : v.3 July-September,1997 -- v.2 April-June,1998 -- v.4 October-December,1998
500 ## - NOTA GENERAL
Nota general Trimestral
590 ## - NOTA LOCAL (RLIN)
Nota local BATCH-UPD
Procedencia (VM) [OBSOLETO] 10
Condición del los carretes individuales (VM) [OBSOLETO] 20130110
-- UCH01
-- 1700
590 ## - NOTA LOCAL (RLIN)
Nota local BATCH-UPD
Procedencia (VM) [OBSOLETO] 10
Condición del los carretes individuales (VM) [OBSOLETO] 20130410
-- UCH01
-- 1048
590 ## - NOTA LOCAL (RLIN)
Nota local BATCH-UPD
Procedencia (VM) [OBSOLETO] 10
Condición del los carretes individuales (VM) [OBSOLETO] 20130914
-- UCH01
-- 1825
590 ## - NOTA LOCAL (RLIN)
Nota local CONVERSION
Procedencia (VM) [OBSOLETO] 10
Condición del los carretes individuales (VM) [OBSOLETO] 20130109
-- UCH01
-- 1354
650 14 - PUNTO DE ACCESO ADICIONAL DE MATERIA--TÉRMINO DE MATERIA
Término de materia o nombre geográfico como elemento de entrada México
Subdivisión general Condiciones económicas
-- Estadísticas.
9 (RLIN) 76726
901 ## - ELEMENTOS DE DATOS A LOCAL LDA (RLIN)
a BK
911 ## - EQUIVALENCIA O REFERENCIA-CRUZADA-NOMBRE DE CONFERENCIA O REUNIÓN/CONGRESO [LOCAL, CANADÁ]
Nombre de congreso/reunión o jurisdicción como elemento de entrada en proceso
942 ## - ELEMENTOS DE PUNTO DE ACCESO ADICIONAL (KOHA)
Tipo de ítem Koha Libro
949 ## - PROCESAMIENTO DE INFORMACIÓN LOCAL (OCLC)
a 330.97205 In31
b BC
c INEGI
d 33724002096322
e INEGI
f 1998 v.2 c.2
h 111922
i 109235
s b
949 ## - PROCESAMIENTO DE INFORMACIÓN LOCAL (OCLC)
a 330.97205 In31
b BC
c INEGI
d 33724002096363
e INEGI
f 1998 v.2
h 111921
i 109235
s b
949 ## - PROCESAMIENTO DE INFORMACIÓN LOCAL (OCLC)
a 330.97205 In31
b BC
c INEGI
d 33724002096405
e INEGI
f 1998 v.4
h 111923
i 109235
s b
949 ## - PROCESAMIENTO DE INFORMACIÓN LOCAL (OCLC)
a 330.97205 In31
b BC
c INEGI
d 33724002096446
e INEGI
f 1997 v.3
h 111920
i 109235
s b
Holdings
Estado de retiro Estado de pérdida Estado dañado Restricciones de uso No para préstamo Código de colección Localización permanente Ubicación/localización actual Fecha de adquisición Información codificada de la localización en otra ubicación Número de inventario Total de préstamos Signatura topográfica completa Código de barras Fecha visto por última vez Número de copia Precio válido a partir de Tipo de ítem Koha
      Préstamo 3 días   Publicaciones INEGI Biblioteca Central Biblioteca Central 31/12/2019 LIBRO 127   330.97205 In31 33724002096322 31/12/2019 1998 v.2 c.2 31/12/2019 Libro
      Préstamo 3 días   Publicaciones INEGI Biblioteca Central Biblioteca Central 31/12/2019 LIBRO 127   330.97205 In31 33724002096363 31/12/2019 1998 v.2 31/12/2019 Libro
      Préstamo 3 días   Publicaciones INEGI Biblioteca Central Biblioteca Central 31/12/2019 LIBRO 127   330.97205 In31 33724002096405 31/12/2019 1998 v.4 31/12/2019 Libro
      Préstamo 3 días   Publicaciones INEGI Biblioteca Central Biblioteca Central 31/12/2019 LIBRO 127   330.97205 In31 33724002096446 31/12/2019 1997 v.3 31/12/2019 Libro